Normal view
MARC view
- Enseñanza individualizada
Entry Materia
001 - NÚMERO DE CONTROL DEL REGISTRO
- campo de control: 6835
003 - IDENTIFICADOR DE NUMERO DE CONTROL
- campo de control: MX-MxUPN
005 - FECHA Y HORA DE LA ÚLTIMA TRANSACCIÓN
- campo de control: 20230901095721.0
008 - DATOS DE LONGITUD FIJA
- campo de control de longitud fija: 230622nn annnnbabn a ana |d
035 ## - NÚMERO DE CONTROL DEL SISTEMA
- Número de control del sistema: UPN10000006837
040 ## - FUENTE DE LA CATALOGACIÓN
- Centro catalogador de origen: MX-MxUPN
- Lengua de catalogación: spa
- Agencia de transcripción: MX-MxUPN
053 #4 - NÚMERO CLASIFICADOR - BIBLIOTECA DEL CONGRESO (LC)
- Elemento numérico de la clasificación - Número único o no. inicial del rango: LB1031
150 ## - ENCABEZAMIENTO - TEMÁTICO
- Término de materia o nombre geográfico como elemento inicial: Enseñanza individualizada
450 ## - VÉASE - MATERIA
- Encabezamiento temático: Educación individualizada
450 ## - VÉASE - MATERIA
- Encabezamiento temático: Educación personalizada
450 ## - VÉASE - MATERIA
- Encabezamiento temático: Enseñanza personalizada
450 ## - VÉASE - MATERIA
- Encabezamiento temático: Instrucción personalizada
450 ## - VÉASE - MATERIA
- Encabezamiento temático: Sistema de instrucción personalizada
670 ## - FUENTE EN LA QUE SE LOCALIZARON DATOS
- Cita de la fuente: LEMB, 1998 :
- Información localizada: página 400 (Enseñanza individualizada)
902 ## - CATALOGADOR
- Catalogador: MMA/230796
- Catalogador: VíctorGodínez/220623
